| 000 | 00000nam##2200000za#4500 |
| 001 | 9.642288 |
| 003 | CaOODSP |
| 005 | 20210624223628 |
| 007 | cr ||||||||||| |
| 008 | 150407|2004||||xxc|||||o f|0| 0 fre|d |
| 040 | |aCaOODSP|bfre |
| 043 | |an-cn--- |
| 086 | 1 |aEn134-12/2004F-PDF |
| 110 | 2 |aTable ronde nationale sur l'environnement et l'économie (Canada) |
| 245 | 10|aProposition d'écologisation du budget fédéral 2004 : |h[ressource électronique]|bLe capital naturel - une fondation cruciale de notre économie |
| 260 | |aOttawa - Ontario : |bTable ronde nationale sur l'environnement et l'économie |c[2004]. |
| 300 | |a41p. |
| 590 | |a13-18-Supp|b2013-08-01 |
| 775 | 08|t2004 greening of the budget submission : |w(CaOODSP)9.698276 |
| 856 | 40|ahttp://publications.gc.ca|qPDF|s167 Ko|uhttps://publications.gc.ca/collections/collection_2013/ec/En134-12-2004-fra.pdf |